书目信息 |
| 题名: |
中华人民共和国矿产资源法
|
|
| 作者: | 人民出版社 | |
| 分册: | ||
| 出版信息: | 北京 人民出版社 2025.01 |
|
| 页数: | 34页 | |
| 开本: | 21cm | |
| 丛书名: | ||
| 单 册: | ||
| 中图分类: | D922.62 | |
| 科图分类: | ||
| 主题词: | 矿产资源法--kuang chan zi yuan fa--中国 | |
| 电子资源: | ||
| ISBN: | 978-7-01-026967-2 | |
| 000 | 01107nam0 2200253 450 | |
| 001 | CAL 012025019931 | |
| 005 | 20251023091958.94 | |
| 010 | @a978-7-01-026967-2@dCNY7.00 | |
| 099 | @aCAL 012025019931 | |
| 100 | @a20250212d2025 em y0chiy0120 ea | |
| 101 | 0 | @achi |
| 102 | @aCN@b110000 | |
| 105 | @ay n 000yy | |
| 106 | @ar | |
| 200 | 1 | @a中华人民共和国矿产资源法@Azhong hua ren min gong he guo kuang chan zi yuan fa@e1986年3月19日第六届全国人民代表大会常务委员会第十五次会议通过@f人民出版社 |
| 210 | @a北京@c人民出版社@d2025.01 | |
| 215 | @a34页@d21cm | |
| 300 | @a根据1996年8月29日第八届全国人民代表大会常务委员会第二十一次会议《关于修改<中华人民共和国矿产资源法>的决定》第一次修正 根据2009年8月27日第十一届全国人民代表大会常务委员会第十次会议《关于修改部分法律的决定》第二次修正 2024年11月8日第十四届全国人民代表大会常务委员会第十二次会议修订 | |
| 330 | @a本书收录了《中华人民共和国矿产资源法》这部法律文件。 | |
| 606 | 0 | @a矿产资源法@Akuang chan zi yuan fa@y中国 |
| 690 | @aD922.62@v5 | |
| 801 | 0 | @aCN@c20250920 |
| 905 | @a河南城建学院图书馆@dD922.62@eR168@ZR168@f1 | |
| 998 | @aZJSXHGC | |
| 中华人民共和国矿产资源法:1986年3月19日第六届全国人民代表大会常务委员会第十五次会议通过/人民出版社.-北京:人民出版社,2025.01 |
| 34页;21cm |
| 根据1996年8月29日第八届全国人民代表大会常务委员会第二十一次会议《关于修改<中华人民共和国矿产资源法>的决定》第一次修正 根据2009年8月27日第十一届全国人民代表大会常务委员会第十次会议《关于修改部分法律的决定》第二次修正 2024年11月8日第十四届全国人民代表大会常务委员会第十二次会议修订 |
| ISBN 978-7-01-026967-2:CNY7.00 |
| 本书收录了《中华人民共和国矿产资源法》这部法律文件。 |
| ● |
| 相关链接 |
|
|
|
正题名:中华人民共和国矿产资源法
索取号:D922.62/R168
 
预约/预借
| 序号 | 登录号 | 条形码 | 馆藏地/架位号 | 状态 | 备注 |
| 1 | 1637959 | 216379595 | 社科库509/509社科库 90排1列4层/ [索取号:D922.62/R168] | 在馆 |